| 000 | 01266nam a2200325 a 4500 | ||
|---|---|---|---|
| 003 | BLK | ||
| 005 | 20250110092538.0 | ||
| 008 | 180911b bul|||||r ||||||| ||bul|| | ||
| 010 | _a001442 | ||
| 040 | _aBLK | ||
| 041 |
_aBUL _cBUL |
||
| 080 | _z002.19(497.2) | ||
| 100 | 1 |
_aКУТИНЧЕВ, Стилиян _eпърви автор _9399280 |
|
| 245 | 0 | 0 |
_aПисменост и книгопечатане _bПроизход и развой на книгопечатната техника _cСтилиян Атанасов Кутинчев |
| 260 |
_aСофия _c1920 _fСофия : Държ. печ. |
||
| 300 |
_a164 с _bс ил _c23 см |
||
| 380 | _a0 | ||
| 490 |
_aЧастна колекция - Академик Михаил Арнаудов _gДарение - Основен фонд |
||
| 500 | _aМихаил Арнаудов: подпис. - Автограф с текст: На Проф. М. Арнаудов от Автора 1. IХ. 20 | ||
| 655 | _aбългарски печат | ||
| 700 | 1 |
_aСт. Кутинчев _9399281 |
|
| 852 |
_aМА 2860 _bМА |
||
| 852 |
_aЦб 6.235.9232 _bЦб |
||
| 942 |
_cKNG _n0 _s1 |
||
| 944 |
_aCR _c1994 _k30546 _lРенета Константинова |
||
| 999 |
_c341812 _d341812 |
||
| 999 | _d341812 | ||
| 999 | _d341812 | ||
| 999 | _d341812 | ||
| 999 | _d341812 | ||